[Event "Schachbundesliga 2013/2014"]
[Site "?"]
[Date "2014.03.16"]
[Round "12.7"]
[White "Levin, Felix"]
[Black "Abel, Dennes"]
[Result "0-1"]
[WhiteElo "2480"]
[BlackElo "2427"]
[PlyCount "76"]
[EventDate "2014.??.??"]
[WhiteClock "0:07:03"]
[BlackClock "0:00:39"]

1. c4 c6 2. Nf3 d5 3. e3 Nf6 4. Nc3 e6 5. d4 Nbd7 6. Qc2 b6 7. b3 Bb7 8. Bd3
Be7 9. O-O O-O 10. Bb2 h6 11. Rfd1 Rc8 12. Qe2 Qc7 13. Rac1 Qb8 14. Ne5 Rfd8
15. Bb1 dxc4 16. Nxd7 Rxd7 17. bxc4 Rcd8 18. e4 Nh7 19. e5 Nf8 20. Ne4 c5 21.
d5 exd5 22. Nf6+ Bxf6 23. exf6 d4 24. fxg7 Ng6 25. Qh5 Qf4 26. Re1 Qg5 27. Qxg5
hxg5 28. Bxg6 fxg6 29. Re5 Kxg7 30. Rce1 Ba6 31. Rxg5 Bxc4 32. h4 Rh8 33. g3
Bxa2 34. Rge5 Bf7 35. f4 Rh5 36. R5e2 Rhd5 37. Rd1 Kf8 38. g4 c4 0-1

[Event "Schachbundesliga 2013/2014"]
[Site "?"]
[Date "2014.03.16"]
[Round "12.8"]
[White "Thiede, Lars"]
[Black "Saltaev, Mihail"]
[Result "1-0"]
[WhiteElo "2450"]
[BlackElo "2480"]
[PlyCount "123"]
[EventDate "2014.??.??"]
[WhiteClock "0:07:29"]
[BlackClock "0:04:38"]

1. Nf3 d5 2. g3 c6 3. Bg2 Nf6 4. O-O Bg4 5. b3 Nbd7 6. Bb2 e6 7. d3 Bd6 8. Nbd2
O-O 9. e4 dxe4 10. dxe4 Be5 11. c3 b5 12. h3 Bxf3 13. Nxf3 Rc8 14. Nxe5 Nxe5
15. c4 Ng6 16. e5 Nd7 17. cxb5 cxb5 18. Qe2 Qa5 19. Rfd1 Rc7 20. f4 Ne7 21. Bd4
Nb6 22. Bxb6 Qxb6+ 23. Kh2 Rfc8 24. Rd2 g6 25. Rad1 Rc3 26. g4 b4 27. Qf2 Qxf2
28. Rxf2 R8c7 29. Rd8+ Kg7 30. Rfd2 Rc2 31. Be4 Rxd2+ 32. Rxd2 a5 33. Kg2 Rc3
34. Rd7 Kf8 35. Rd8+ Kg7 36. Rd7 Kf8 37. Rd8+ Kg7 38. Ra8 Rc5 39. Kf3 g5 40.
fxg5 Rxe5 41. h4 Rb5 42. Ra7 Nc8 43. Rd7 Rc5 44. Kf4 Nb6 45. Rd6 Nc8 46. Rd8
e5+ 47. Ke3 Rc3+ 48. Bd3 Ne7 49. h5 f5 50. gxf5 Nxf5+ 51. Kd2 Ng3 52. h6+ Kf7
53. Bxh7 e4 54. g6+ Ke7 55. g7 e3+ 56. Ke1 e2 57. Kd2 Re3 58. Re8+ Kxe8 59.
g8=Q+ Kd7 60. Qg4+ Kc6 61. Qc4+ Kb7 62. Qb5+ 1-0

[Event "Schachbundesliga 2013/2014"]
[Site "?"]
[Date "2014.03.16"]
[Round "12.2"]
[White "Stern, Rene"]
[Black "Dragun, Kamil"]
[Result "1-0"]
[WhiteElo "2513"]
[BlackElo "2547"]
[PlyCount "151"]
[EventDate "2014.??.??"]
[WhiteClock "0:16:29"]
[BlackClock "0:15:58"]

1. d4 Nf6 2. c4 e6 3. Nc3 Bb4 4. Bd2 O-O 5. Nf3 d5 6. e3 b6 7. Bd3 Bb7 8. O-O
Bd6 9. cxd5 exd5 10. Qb1 Re8 11. b4 Ne4 12. Nb5 Bf8 13. Rc1 Na6 14. a3 c5 15.
bxc5 bxc5 16. dxc5 Naxc5 17. Bb4 Qb6 18. Bxc5 Bxc5 19. Nbd4 Rec8 20. Rc2 Ba6
21. Qf1 Bxd3 22. Qxd3 Bf8 23. a4 Rc5 24. Nd2 Rac8 25. Rxc5 Qxc5 26. g3 Nxd2 27.
Qxd2 Qc4 28. Qa5 a6 29. Rd1 g6 30. Kg2 Kg7 31. h4 h5 32. Qb6 Qxa4 33. Rb1 Qc4
34. Ra1 Bc5 35. Ne6+ Kg8 36. Nxc5 Rxc5 37. Qxa6 Qe4+ 38. Kg1 Rc2 39. Qf6 Rc8
40. Kh2 Re8 41. Rd1 Qe5 42. Qc6 Rd8 43. Rd4 Rd6 44. Qa8+ Kg7 45. Kg2 Rd7 46.
Qc6 Qe6 47. Qc3 Kh7 48. Qd2 Rc7 49. Qa5 Rd7 50. Qc5 Kg7 51. Qb5 Rd6 52. Qb3 Kh7
53. Qd1 f5 54. Qb3 Rd7 55. Qb8 Kg7 56. Ra4 Qd6 57. Qb2+ Qf6 58. Qb5 Qe7 59. Kh2
Kh7 60. Qb6 Qg7 61. Kg2 Qe7 62. Rd4 Qd6 63. Qxd6 Rxd6 64. Kf3 Kg7 65. Kf4 Kf6
66. Rd2 Rd7 67. f3 Rd8 68. Rd4 Ke6 69. Ra4 Rd6 70. Kg5 Kf7 71. Ra7+ Kf8 72. Rb7
Re6 73. Kf4 Ke8 74. Rb5 Kf7 75. Rxd5 Kf6 76. Rd7 1-0

[Event "Schachbundesliga 2013/2014"]
[Site "?"]
[Date "2014.03.16"]
[Round "12.3"]
[White "Rustemov, Alexander"]
[Black "Richter, Michael"]
[Result "0-1"]
[WhiteElo "2538"]
[BlackElo "2473"]
[PlyCount "166"]
[EventDate "2014.??.??"]
[WhiteClock "0:04:04"]
[BlackClock "0:15:06"]

1. c4 c6 2. Nc3 d5 3. e3 e6 4. Nf3 Bd6 5. b3 Nf6 6. Bb2 Nbd7 7. Qc2 O-O 8. Be2
a6 9. d4 dxc4 10. bxc4 c5 11. Rd1 cxd4 12. exd4 b5 13. d5 exd5 14. cxb5 axb5
15. Nxb5 Bb4+ 16. Bc3 Bxc3+ 17. Nxc3 Qc7 18. Qd2 Ne4 19. Nxe4 dxe4 20. Nd4 Nf6
21. O-O Bg4 22. h3 Bxe2 23. Qxe2 Rfc8 24. Nf5 Qe5 25. Ne3 g6 26. Rd2 Rd8 27.
Rfd1 Rxd2 28. Qxd2 Kg7 29. Rb1 Qa5 30. Rb2 Qxd2 31. Rxd2 Nh5 32. g3 Ra7 33. Kf1
f5 34. Nd5 Nf6 35. Nb4 e3 36. fxe3 Ne4 37. Rg2 h5 38. Ke1 Ra3 39. Ke2 Ra4 40.
Nc2 Rxa2 41. Kd3 Ng5 42. h4 Nf3 43. Kc3 Kf6 44. Kb3 Ra8 45. Rf2 Ne5 46. Rd2
Rb8+ 47. Kc3 Rc8+ 48. Kb3 Nc4 49. Rd5 Rc7 50. Rd8 Na5+ 51. Kb2 Nc4+ 52. Kb3 Ke7
53. Rd5 Nd6 54. Nd4 Rc1 55. Ra5 Re1 56. Re5+ Kf7 57. Kc2 Ne4 58. Kd3 Rd1+ 59.
Kc4 Rc1+ 60. Kb4 Re1 61. Ra5 Rxe3 62. Ra7+ Kf6 63. Ra6+ Ke5 64. Nc6+ Kd6 65.
Nd4+ Kd5 66. Ne6 Nxg3 67. Nf4+ Ke4 68. Nxg6 Kf3 69. Kc5 Kg4 70. Kd4 Re8 71. Ra7
Ne2+ 72. Kd3 Nf4+ 73. Nxf4 Kxf4 74. Rg7 Kf3 75. Rg5 Rd8+ 76. Kc4 f4 77. Rxh5
Kg4 78. Rh7 f3 79. h5 Rf8 80. Rg7+ Kxh5 81. Rg1 f2 82. Rf1 Kg4 83. Kd3 Kf3 0-1

[Event "Schachbundesliga 2013/2014"]
[Site "?"]
[Date "2014.03.16"]
[Round "12.4"]
[White "Muse, Mladen"]
[Black "Appel, Ralf"]
[Result "0-1"]
[WhiteElo "2424"]
[BlackElo "2535"]
[PlyCount "68"]
[EventDate "2014.??.??"]
[WhiteClock "0:04:26"]
[BlackClock "0:00:33"]

1. c4 c5 2. Nc3 g6 3. g3 Bg7 4. Bg2 Nc6 5. a3 e6 6. d3 Nge7 7. Bd2 d5 8. cxd5
exd5 9. Rc1 O-O 10. Nf3 a5 11. O-O b6 12. Na4 Ba6 13. Bc3 d4 14. Bd2 Rb8 15.
Bf4 Rb7 16. Qb3 h6 17. h4 Nd5 18. Bd2 Rd7 19. Nh2 Nce7 20. Nxc5 bxc5 21. Rxc5
Qb8 22. Qa2 Qb6 23. Rxa5 Nc3 24. Bxc3 dxc3 25. b4 Rc7 26. Nf3 Nf5 27. Qc2 Nxg3
28. Rd1 Nf5 29. e3 Nxe3 30. fxe3 Qxe3+ 31. Kh1 Bb7 32. Re1 Qf4 33. Qc1 Qg3 34.
Rf1 Re8 0-1

[Event "Schachbundesliga 2013/2014"]
[Site "?"]
[Date "2014.03.16"]
[Round "12.5"]
[White "Handke, Florian"]
[Black "Von Herman, Ulf"]
[Result "1-0"]
[WhiteElo "2541"]
[BlackElo "2391"]
[PlyCount "49"]
[EventDate "2014.??.??"]
[WhiteClock "0:06:53"]
[BlackClock "0:34:51"]

1. Nf3 c5 2. e4 Nc6 3. Bb5 g6 4. Bxc6 dxc6 5. d3 Bg7 6. h3 Nf6 7. O-O Nd7 8.
Nc3 e5 9. a3 Nf8 10. Bg5 f6 11. Be3 Ne6 12. b4 Qe7 13. Na4 b6 14. bxc5 b5 15.
Nb2 f5 16. c4 a6 17. cxb5 axb5 18. a4 Rb8 19. axb5 Rxb5 20. Nc4 Nxc5 21. Bg5
Qc7 22. exf5 Bxf5 23. d4 Bd3 24. Ra8+ Rb8 25. Nd6+ 1-0

[Event "Schachbundesliga 2013/2014"]
[Site "?"]
[Date "2014.03.16"]
[Round "12.6"]
[White "Sarbok, Torsten"]
[Black "Hirneise, Tobias"]
[Result "0-1"]
[WhiteElo "2367"]
[BlackElo "2440"]
[PlyCount "206"]
[EventDate "2014.??.??"]
[WhiteClock "0:01:31"]
[BlackClock "0:02:41"]

1. e4 e5 2. Nf3 Nc6 3. Bb5 a6 4. Ba4 Nf6 5. Qe2 b5 6. Bb3 Bc5 7. d3 h6 8. c3
O-O 9. O-O Re8 10. Be3 Bf8 11. Rd1 d5 12. a4 Bb7 13. axb5 axb5 14. Rxa8 Bxa8
15. d4 exd4 16. Nxd4 Na5 17. Ba2 Nc4 18. Nxb5 Nxe3 19. fxe3 c6 20. Nd4 Nxe4 21.
Nd2 c5 22. N4f3 Nf6 23. Nf1 Qb6 24. Bb1 Bd6 25. Rd2 Bb7 26. Bd3 Ng4 27. Nh4 Nf6
28. Qf2 Qc7 29. Nf5 Be5 30. Qh4 Bc8 31. Rf2 Bxf5 32. Bxf5 Qb6 33. Rd2 Ra8 34.
Qe1 g6 35. Bd3 Kg7 36. Be2 d4 37. Bf3 Re8 38. Qf2 dxc3 39. bxc3 Bxc3 40. Rc2
Qb3 41. Rc1 Bb4 42. Qc2 Qa3 43. Rd1 h5 44. Qc4 Re7 45. h3 Qb2 46. Qb5 Qe5 47.
Rd8 Re8 48. Rxe8 Nxe8 49. Qc6 Nd6 50. Qd5 Kf6 51. Qb3 Be1 52. Bd5 Kg7 53. Qd1
Bb4 54. Qd3 Qb2 55. Qa6 Qe5 56. Qd3 Qa1 57. Bb3 Qb2 58. Qc2 Qe5 59. Qd3 Ne4 60.
Bd5 Nf6 61. Bb3 Qe7 62. Bc4 Nd7 63. Bb3 Ne5 64. Qd5 Be1 65. Qd1 Ba5 66. Qd5 Bc3
67. Ba2 Be1 68. Qd1 Qh4 69. Qe2 c4 70. Bb1 Ba5 71. Qb2 Qf6 72. Qe2 Qb6 73. Be4
c3 74. Kf2 Qb4 75. Bc2 Bb6 76. Qd1 Qb2 77. Ke2 Nc4 78. Qd3 Na3 79. Kd1 Bc7 80.
Qd4+ Kh7 81. Qa4 Qa1+ 82. Ke2 Qc1 83. Bxg6+ Kxg6 84. Qc6+ Kg7 85. Qxc7 Qb2+ 86.
Kf3 c2 87. Ng3 c1=Q 88. Nxh5+ Kg8 89. Qd8+ Kh7 90. Qd3+ Kh6 91. Qd6+ Kh7 92.
Qd3+ f5 93. Qxf5+ Kg8 94. Qe6+ Kf8 95. Nf4 Qc4 96. Qd6+ Ke8 97. Kg3 Qe4 98. Kh2
Nc4 99. Qc7 Nxe3 100. Qc8+ Kf7 101. Qd7+ Kf8 102. Qd8+ Kf7 103. Qd7+ Qe7 0-1

[Event "Schachbundesliga 2013/2014"]
[Site "?"]
[Date "2014.03.16"]
[Round "12.7"]
[White "Dinstuhl, Volkmar"]
[Black "Muse, Drazen"]
[Result "1/2-1/2"]
[WhiteElo "2401"]
[BlackElo "2408"]
[PlyCount "40"]
[EventDate "2014.??.??"]
[WhiteClock "1:17:40"]
[BlackClock "0:34:28"]

1. d4 Nf6 2. c4 c5 3. d5 e5 4. Nc3 d6 5. e4 Be7 6. h3 Nbd7 7. Nf3 O-O 8. g4 a6
9. a4 Ne8 10. Bd3 Rb8 11. Rg1 Nc7 12. h4 b5 13. b3 bxc4 14. Bxc4 Nb6 15. Bd3 a5
16. Qe2 Ra8 17. Be3 Na6 18. Rc1 Nb4 19. Bb5 Ra7 20. Nb1 Bd7 1/2-1/2

[Event "Schachbundesliga 2013/2014"]
[Site "?"]
[Date "2014.03.16"]
[Round "12.8"]
[White "Breier, Andreas"]
[Black "Thiel, Thomas"]
[Result "0-1"]
[WhiteElo "2387"]
[BlackElo "2296"]
[PlyCount "166"]
[EventDate "2014.??.??"]
[WhiteClock "0:19:09"]
[BlackClock "0:15:59"]

1. Nf3 Nf6 2. c4 c6 3. g3 d5 4. Bg2 Bg4 5. Qb3 Qb6 6. Qxb6 axb6 7. cxd5 Nxd5 8.
O-O Nd7 9. b3 Nb4 10. Nc3 g6 11. a3 Bg7 12. Bb2 Nc2 13. Rac1 Bxf3 14. Rxc2 Bxg2
15. Kxg2 O-O 16. b4 b5 17. Bc1 f5 18. d3 Rfd8 19. Nb1 Nb6 20. Nd2 e5 21. Nb3
Bf8 22. h4 e4 23. dxe4 fxe4 24. Nc5 Bxc5 25. Rxc5 Nc4 26. h5 Rd5 27. Rxd5 cxd5
28. hxg6 hxg6 29. f3 exf3+ 30. Rxf3 Re8 31. Kf2 Ne5 32. Rf4 Rc8 33. Bb2 Nc4 34.
Bf6 Nxa3 35. Rd4 Rf8 36. Rf4 Nc2 37. g4 Nxb4 38. g5 Nc6 39. Rh4 b4 40. Rh8+ Kf7
41. Rh7+ Ke6 42. Rxb7 Rb8 43. Rg7 b3 44. Bb2 Ne5 45. Ke1 Nc4 46. Rxg6+ Kf5 47.
Rf6+ Kxg5 48. Bd4 b2 49. Bxb2 Rxb2 50. Rf8 d4 51. Rd8 Ne3 52. Kf2 Nf5 53. Kf3
Rb3+ 54. Kf2 Kf4 55. Ke1 Rb2 56. Kf2 Ra2 57. Ke1 Ra5 58. Kf2 Ke4 59. Re8+ Re5
60. Rg8 Ne3 61. Ke1 Nd5 62. Kd2 Nf4 63. Rd8 Re7 64. Rf8 Ne6 65. Ra8 Rb7 66. Ke1
Rb2 67. Kd1 Nc7 68. Rh8 Nd5 69. Re8+ Kf5 70. Kc1 Ra2 71. Kd1 Nc3+ 72. Ke1 Rc2
73. Rf8+ Ke4 74. Re8+ Kf4 75. Rf8+ Ke3 76. Rf3+ Ke4 77. Rf2 Rc1+ 78. Kd2 Rd1+
79. Kc2 Ke3 80. Rf8 Rd2+ 81. Kb3 Nxe2 82. Kc4 Rc2+ 83. Kd5 d3 0-1

[Event "Schachbundesliga 2013/2014"]
[Site "?"]
[Date "2014.04.04"]
[Round "13.2"]
[White "Bogner, Sebastian"]
[Black "Schenk, Andreas"]
[Result "1/2-1/2"]
[WhiteElo "2552"]
[BlackElo "2489"]
[PlyCount "40"]
[EventDate "2014.??.??"]
[WhiteClock "0:20:07"]
[BlackClock "0:29:03"]

1. Nf3 d5 2. c4 e6 3. g3 Nf6 4. Bg2 c6 5. b3 a5 6. O-O Be7 7. d4 O-O 8. Nc3 b6
9. Ne5 Bb7 10. e4 Bb4 11. Qc2 Bxc3 12. Qxc3 Nxe4 13. Qc2 Nf6 14. Ba3 Re8 15.
cxd5 cxd5 16. Rfc1 Na6 17. Nc6 Qd7 18. Ne5 Qd8 19. Nc6 Qd7 20. Ne5 Qd8 1/2-1/2

[Event "Schachbundesliga 2013/2014"]
[Site "?"]
[Date "2014.04.04"]
[Round "13.3"]
[White "Belezky, Alexander"]
[Black "Balogh, Csaba"]
[Result "0-1"]
[WhiteElo "2455"]
[BlackElo "2632"]
[PlyCount "94"]
[EventDate "2014.??.??"]
[WhiteClock "1:13:54"]
[BlackClock "0:44:03"]

1. Nf3 d5 2. g3 Nf6 3. Bg2 e6 4. d3 Be7 5. Nbd2 c5 6. e4 Nc6 7. O-O O-O 8. e5
Nd7 9. Re1 b5 10. Nf1 b4 11. h4 a5 12. Bf4 Ba6 13. N1h2 a4 14. Ng5 h6 15. Qh5
hxg5 16. hxg5 g6 17. Qh4 Nd4 18. Bh3 Re8 19. c3 bxc3 20. bxc3 Nf5 21. Bxf5 gxf5
22. Kg2 Bf8 23. Ng4 fxg4 24. Rh1 Bg7 25. Qh7+ Kf8 26. g6 Nf6 27. Qh4 Ng8 28.
gxf7 Kxf7 29. Qxg4 Bxd3 30. Bg5 Qd7 31. Qf3+ Bf5 32. Rh7 Kf8 33. g4 Qf7 34.
gxf5 Qxf5 35. Rh3 Ra7 36. Qxf5+ exf5 37. f4 Rb8 38. Rd3 Rb2+ 39. Kg3 Rd7 40.
Rad1 Ne7 41. Bxe7+ Kxe7 42. Rxd5 Rxd5 43. Rxd5 Rxa2 44. Rxc5 Bf8 45. Kh4 Kf7
46. Rc7+ Be7+ 47. Kg3 a3 0-1

[Event "Schachbundesliga 2013/2014"]
[Site "?"]
[Date "2014.04.04"]
[Round "13.4"]
[White "Postny, Evgeny"]
[Black "Jorczik, Julian"]
[Result "1/2-1/2"]
[WhiteElo "2631"]
[BlackElo "2405"]
[PlyCount "86"]
[EventDate "2014.??.??"]
[WhiteClock "0:31:32"]
[BlackClock "0:33:43"]

1. d4 Nf6 2. c4 e6 3. g3 c5 4. d5 exd5 5. cxd5 d6 6. Bg2 g6 7. Nc3 Bg7 8. Nf3
O-O 9. O-O a6 10. a4 Nbd7 11. Bf4 Qe7 12. h3 Rb8 13. Rb1 Re8 14. Re1 Nh5 15.
Bg5 Qf8 16. Qc1 c4 17. Be3 Qe7 18. Ba7 Ra8 19. Bd4 Bxd4 20. Nxd4 Nc5 21. Qd2
Bd7 22. a5 Qd8 23. b4 cxb3 24. Nxb3 Nxb3 25. Rxb3 Qxa5 26. g4 Ng7 27. Rxb7 Bb5
28. Rc1 Rab8 29. Ra7 Ra8 30. Rxa8 Rxa8 31. Kh2 Ne8 32. Qb2 Rc8 33. Ne4 Rxc1 34.
Qxc1 Bxe2 35. Qc8 Bb5 36. Nxd6 Qc7 37. Qxc7 Nxc7 38. Nb7 Kf8 39. Kg3 g5 40. f4
h6 41. f5 Ne8 42. d6 a5 43. Nxa5 Nxd6 1/2-1/2

[Event "Schachbundesliga 2013/2014"]
[Site "?"]
[Date "2014.04.04"]
[Round "13.5"]
[White "Meister, Peter"]
[Black "Acs, Peter"]
[Result "1/2-1/2"]
[WhiteElo "2399"]
[BlackElo "2570"]
[PlyCount "86"]
[EventDate "2014.??.??"]
[WhiteClock "0:52:44"]
[BlackClock "0:26:55"]

1. d4 Nf6 2. Nf3 e6 3. e3 b6 4. Bd3 Bb7 5. O-O c5 6. c4 Be7 7. Nc3 a6 8. b3 d6
9. Bb2 Nbd7 10. Qe2 O-O 11. Rad1 Re8 12. dxc5 bxc5 13. Bb1 Qc7 14. h3 Nf8 15.
e4 Ng6 16. Qe3 Nd7 17. Rd2 h6 18. Rfd1 Rad8 19. Ne2 Bf6 20. Bxf6 Nxf6 21. Nf4
d5 22. Nxg6 fxg6 23. e5 d4 24. Nxd4 cxd4 25. Rxd4 Rxd4 26. Qxd4 Nh7 27. Bxg6
Rc8 28. Qd6 Nf8 29. Bh5 g6 30. Bg4 Qf7 31. Qd2 h5 32. Be2 Qe7 33. Qd6 Qg5 34.
Bf1 Qf4 35. Rd4 Qf7 36. h4 Rc7 37. Qd8 Qg7 38. f4 Rc8 39. Qd6 Qf7 40. Qb6 Rc6
41. Qd8 Rc8 42. Qb6 Rc6 43. Qd8 Rc8 1/2-1/2

[Event "Schachbundesliga 2013/2014"]
[Site "?"]
[Date "2014.04.04"]
[Round "13.6"]
[White "Braun, Arik"]
[Black "Fedorovsky, Michael"]
[Result "1/2-1/2"]
[WhiteElo "2564"]
[BlackElo "2385"]
[PlyCount "104"]
[EventDate "2014.??.??"]
[WhiteClock "1:25:38"]
[BlackClock "0:32:34"]

1. d4 d5 2. c4 e6 3. Nc3 Nf6 4. cxd5 exd5 5. Bg5 Be7 6. e3 Nbd7 7. Bd3 c6 8.
Nf3 O-O 9. Qc2 Re8 10. O-O Nf8 11. h3 Be6 12. Rab1 h6 13. Bf4 a5 14. a3 Bd6 15.
Bxd6 Qxd6 16. Rfc1 N8d7 17. Na4 Ne4 18. Bxe4 dxe4 19. Nd2 Ba2 20. Ra1 Bd5 21.
Nc3 f5 22. Nxd5 Qxd5 23. Qb3 Qxb3 24. Nxb3 Kf7 25. Nc5 Nxc5 26. Rxc5 Kf6 27.
Rac1 Ra6 28. g4 g6 29. Kg2 Rd8 30. gxf5 gxf5 31. Kg3 Rb6 32. R1c2 Rd5 33. Kf4
Ke6 34. f3 exf3 35. Rxd5 cxd5 36. Kxf3 a4 37. Rg2 Kf6 38. h4 h5 39. Rc2 Rb3 40.
Kf4 Rb6 41. Rc5 Rxb2 42. Rxd5 Rf2+ 43. Kg3 Re2 44. Kf3 Rh2 45. Rd6+ Ke7 46. Rb6
Rxh4 47. Rxb7+ Kf6 48. Ra7 Rh3+ 49. Kf4 Rh4+ 50. Kf3 Rh3+ 51. Kf4 Rh4+ 52. Kf3
Rh3+ {Ke4} 1/2-1/2

[Event "Schachbundesliga 2013/2014"]
[Site "?"]
[Date "2014.04.04"]
[Round "13.7"]
[White "Reich, Thomas"]
[Black "Medvegy, Zoltan"]
[Result "0-1"]
[WhiteElo "2386"]
[BlackElo "2536"]
[PlyCount "37"]
[EventDate "2014.??.??"]
[WhiteClock "1:15:50"]
[BlackClock "1:11:26"]

1. d4 Nf6 2. c4 e6 3. Nf3 b6 4. g3 Bb4+ 5. Bd2 Bxd2+ 6. Qxd2 Bb7 7. Bg2 O-O 8.
Nc3 Ne4 9. Qe3 Nxc3 10. Qxc3 d6 11. O-O Nd7 12. d5 exd5 13. Nd4 c5 14. Nf5 d4
15. Qc2 Bxg2 16. Kxg2 Nf6 17. e3 g6 18. Nh4 dxe3 19. Rae1 0-1

[Event "Schachbundesliga 2013/2014"]
[Site "?"]
[Date "2014.04.04"]
[Round "13.8"]
[White "Guliyev, Namig"]
[Black "Unzicker, Ferdinand"]
[Result "1-0"]
[WhiteElo "2559"]
[BlackElo "2337"]
[PlyCount "121"]
[EventDate "2014.??.??"]
[WhiteClock "0:16:08"]
[BlackClock "1:20:18"]

1. e4 c5 2. Nf3 Nc6 3. d4 cxd4 4. Nxd4 Nf6 5. Nc3 d6 6. Be2 e5 7. Nf3 h6 8. O-O
Be7 9. Re1 O-O 10. Bf1 Bg4 11. h3 Bh5 12. Bc4 Qd7 13. Nd5 Nxd5 14. Bxd5 Nd4 15.
Nxe5 dxe5 16. Qxh5 Nxc2 17. Bxh6 Qd6 18. Be3 g6 19. Qf3 Qf6 20. Qxf6 Bxf6 21.
Bxb7 Rab8 22. Bd5 Nxe1 23. Rxe1 Rxb2 24. Rc1 Re8 25. Bxa7 Bg5 26. Rc6 Kg7 27.
g3 Re7 28. Bc5 Rd7 29. a4 Rb1+ 30. Kg2 Ra1 31. Ra6 Be7 32. Be3 Bb4 33. Bg5 Be7
34. Be3 Bb4 35. h4 Ra3 36. Bc1 Rd3 37. Rb6 Bc5 38. Rc6 Ba3 39. Be3 Bb4 40. g4
Rc3 41. Ra6 Bc5 42. Bg5 Be7 43. Bxe7 Rxe7 44. a5 Ra3 45. Ra8 Rc7 46. a6 Rd7 47.
g5 Re7 48. Bb7 Rd7 49. Re8 Rd2 50. Bd5 Rxa6 51. Re7 Kf8 52. Rxf7+ Ke8 53. Rb7
Kf8 54. h5 gxh5 55. Rf7+ Ke8 56. Rf5 Rb6 57. Bf7+ Ke7 58. Bxh5 Kd6 59. Rf6+ Kc5
60. Rxb6 Kxb6 61. Bf7 1-0

[Event "Schachbundesliga 2013/2014"]
[Site "?"]
[Date "2014.04.04"]
[Round "13.1"]
[White "Rustemov, Alexander"]
[Black "Navara, David"]
[Result "1/2-1/2"]
[WhiteElo "2538"]
[BlackElo "2703"]
[PlyCount "104"]
[EventDate "2014.??.??"]
[WhiteClock "0:38:43"]
[BlackClock "0:31:09"]

1. Nf3 d5 2. d4 Nf6 3. c4 e6 4. Bg5 h6 5. Bxf6 Qxf6 6. Nbd2 c6 7. Qc2 dxc4 8.
Qxc4 Nd7 9. Qc3 c5 10. e3 cxd4 11. Nxd4 Be7 12. Bd3 O-O 13. O-O Nc5 14. Ne4 Qe5
15. Nc6 Qxc3 16. Nxe7+ Kh8 17. bxc3 Nxd3 18. Nd6 Bd7 19. Rfd1 Ne5 20. f4 Nc6
21. Nxb7 Nxe7 22. Rxd7 Nd5 23. c4 Nxe3 24. Nd6 Kg8 25. Rb1 Nf5 26. c5 Nxd6 27.
cxd6 Rfd8 28. Rbb7 Rxd7 29. Rxd7 Kf8 30. Kf2 Ke8 31. Re7+ Kf8 32. Rc7 Ke8 33.
Ke3 Rd8 34. Rc6 Rb8 35. Ra6 Rb6 36. Rxa7 Rxd6 37. a4 g5 38. a5 gxf4+ 39. Kxf4
Rd4+ 40. Ke5 Rd5+ 41. Ke4 Kf8 42. g4 h5 43. h3 hxg4 44. hxg4 f6 45. a6 Rd6 46.
Kf4 Kg8 47. Kg3 f5 48. gxf5 exf5 49. Kf4 Rc6 50. Kxf5 Rd6 51. Ke5 Rc6 52. Kd5
Rf6 1/2-1/2

[Event "Schachbundesliga 2013/2014"]
[Site "?"]
[Date "2014.04.04"]
[Round "13.3"]
[White "Handke, Florian"]
[Black "Landa, Konstantin"]
[Result "0-1"]
[WhiteElo "2541"]
[BlackElo "2640"]
[PlyCount "52"]
[EventDate "2014.??.??"]
[WhiteClock "0:31:17"]
[BlackClock "0:10:47"]

1. b3 e5 2. Bb2 Nc6 3. e3 Nf6 4. c4 d5 5. cxd5 Nxd5 6. a3 Bd6 7. Qc2 O-O 8. Nf3
Qe7 9. Nc3 Nxc3 10. Qxc3 f6 11. Bc4+ Kh8 12. d3 Qe8 13. O-O Qh5 14. Nd2 Nd4 15.
Qa5 b6 16. Qd5 Be6 17. Qe4 Bf5 18. Qd5 Ne2+ 19. Kh1 Rad8 20. e4 Nf4 21. Qb7 Bc8
22. Qxa7 Bd7 23. g3 Ra8 24. Qb7 Rfb8 25. Qxa8 Rxa8 26. gxf4 b5 0-1

[Event "Schachbundesliga 2013/2014"]
[Site "?"]
[Date "2014.04.04"]
[Round "13.4"]
[White "Fridman, Daniel"]
[Black "Hirneise, Tobias"]
[Result "1-0"]
[WhiteElo "2602"]
[BlackElo "2440"]
[PlyCount "61"]
[EventDate "2014.??.??"]
[WhiteClock "0:10:45"]
[BlackClock "0:21:11"]

1. d4 d5 2. c4 c6 3. Nc3 Nf6 4. e3 a6 5. Qc2 g6 6. Bd3 Bg7 7. Nf3 O-O 8. O-O
Bg4 9. Ne5 Be6 10. b3 c5 11. Ne2 dxc4 12. bxc4 cxd4 13. exd4 b5 14. cxb5 axb5
15. Bxb5 Qb6 16. a4 Rc8 17. Qb2 Na6 18. Nf4 Bf5 19. Nxf7 Rc2 20. Qb3 e6 21. Ng5
Nc7 22. Be3 Ng4 23. Nf3 Rb8 24. Rac1 Rxc1 25. Rxc1 Bf8 26. Nh4 Nxe3 27. fxe3
Be4 28. Rxc7 Qxc7 29. Qxe6+ Qf7 30. Qxe4 g5 31. Qe5 1-0

[Event "Schachbundesliga 2013/2014"]
[Site "?"]
[Date "2014.04.04"]
[Round "13.5"]
[White "Mladenov, Svetlin"]
[Black "Berelowitsch, Alexander"]
[Result "1-0"]
[WhiteElo "2453"]
[BlackElo "2540"]
[PlyCount "153"]
[EventDate "2014.??.??"]
[WhiteClock "0:26:22"]
[BlackClock "0:03:57"]

1. e4 e6 2. d4 d5 3. Nd2 c5 4. c3 cxd4 5. cxd4 Nc6 6. Ngf3 Bb4 7. e5 Qb6 8. a3
Be7 9. Nb1 Nh6 10. Bxh6 gxh6 11. Nc3 O-O 12. Na4 Qc7 13. Rc1 f6 14. Bb5 Qa5+
15. Nc3 Nd8 16. exf6 Bxf6 17. O-O Nf7 18. Re1 Bg7 19. Bd3 Nd6 20. Bb1 Rf7 21.
Ne5 Bxe5 22. Rxe5 Bd7 23. Rh5 Raf8 24. Rxh6 Nf5 25. Bxf5 Rxf5 26. Qg4+ Kh8 27.
Qh4 R5f7 28. Re1 Qd8 29. Qh5 Rg7 30. Re3 Rf5 31. Qh4 Qxh4 32. Rxh4 Rf8 33. Ne2
Rgf7 34. g3 Rc8 35. Rc3 Rxc3 36. Nxc3 a5 37. Kf1 b5 38. Rf4 Rxf4 39. gxf4 Kg7
40. f5 exf5 41. Nxd5 Kf7 42. Ke2 Ke6 43. Nf4+ Kd6 44. b4 axb4 45. axb4 Be8 46.
Kf3 h6 47. Ke3 Bf7 48. Kd3 Bc4+ 49. Kd2 Bf7 50. Ne2 Bc4 51. Nc3 f4 52. f3 Ke6
53. Ke1 Kd6 54. Kf2 Kc6 55. Kg2 Bf7 56. Kh3 Bh5 57. Ne2 Bxf3 58. Nxf4 Kd6 59.
Kg3 Bd1 60. Kf2 Bg4 61. Ng2 Bd7 62. Ne3 Be8 63. Kg3 Bg6 64. Kg4 Ke6 65. Ng2 Bf7
66. Nf4+ Kf6 67. Ne2 Ke6 68. Nc3 Be8 69. Kf4 Bc6 70. h4 h5 71. Kg5 Be8 72. Ne4
Bc6 73. Nf6 Bf3 74. Kf4 Be2 75. Ne4 Bc4 76. Nc3 Kd6 77. Ke4 1-0

[Event "Schachbundesliga 2013/2014"]
[Site "?"]
[Date "2014.04.04"]
[Round "13.6"]
[White "Hausrath, Daniel"]
[Black "Dinstuhl, Volkmar"]
[Result "1/2-1/2"]
[WhiteElo "2532"]
[BlackElo "2401"]
[PlyCount "43"]
[EventDate "2014.??.??"]
[WhiteClock "0:21:35"]
[BlackClock "0:11:21"]

1. Nf3 d5 2. g3 g6 3. Bg2 Bg7 4. O-O e5 5. d3 Nc6 6. Nbd2 Nf6 7. c4 O-O 8. cxd5
Nxd5 9. Ne4 b6 10. Bg5 Qd7 11. Qc1 Bb7 12. Bh6 Nd4 13. Nxd4 exd4 14. a4 Rfe8
15. Bxg7 Kxg7 16. a5 c5 17. Re1 f5 18. Nd2 Nb4 19. Bxb7 Qxb7 20. Nc4 Qc7 21.
axb6 axb6 22. Qd2 1/2-1/2

[Event "Schachbundesliga 2013/2014"]
[Site "?"]
[Date "2014.04.04"]
[Round "13.7"]
[White "Straeter, Timo"]
[Black "Feygin, Michael"]
[Result "1/2-1/2"]
[WhiteElo "2350"]
[BlackElo "2512"]
[PlyCount "170"]
[EventDate "2014.??.??"]
[WhiteClock "0:09:06"]
[BlackClock "0:36:55"]

1. d4 e6 2. Nf3 d5 3. c4 c6 4. e3 Nf6 5. b3 Nbd7 6. Bb2 Bd6 7. Bd3 Qe7 8. Ne5
Bb4+ 9. Nd2 Nxe5 10. dxe5 Nd7 11. O-O Ba3 12. Bxa3 Qxa3 13. Qg4 Qb2 14. Qxg7
Qxe5 15. Qxe5 Nxe5 16. Be2 Rg8 17. f4 Ng4 18. Bxg4 Rxg4 19. e4 Bd7 20. exd5
cxd5 21. cxd5 exd5 22. Rfe1+ Kf8 23. g3 Rg6 24. Nf3 Ra6 25. Nd4 Re8 26. Rxe8+
Bxe8 27. Kf2 Bd7 28. Kf3 h5 29. f5 Ke7 30. Kf4 Kd6 31. f6 Ra5 32. a3 Rc5 33.
Re1 Be6 34. Kg5 Rc8 35. Kh6 Rg8 36. Nxe6 fxe6 37. f7 Rd8 38. Kg7 Ke7 39. Rf1
Rf8 40. Rf6 d4 41. Rxe6+ Kxe6 42. Kxf8 d3 43. Kg7 d2 44. f8=Q d1=Q 45. Qc8+ Ke5
46. Qxb7 Qg4+ 47. Kh6 Qe6+ 48. Kxh5 Qh3+ 49. Kg6 Qxh2 50. g4 Qc2+ 51. Kg7 Kf4
52. Qb4+ Kg5 53. Kf7 Kh4 54. a4 a5 55. Qc4 Qd1 56. Ke6 Qd8 57. Ke5 Qd7 58. g5+
Kh5 59. Qe2+ Kxg5 60. Qb5 Qd2 61. Ke4+ Kg6 62. Qf5+ Kg7 63. Qe5+ Kg6 64. Qe6+
Kg7 65. Ke5 Qe3+ 66. Kd6 Qb6+ 67. Ke7 Qb7+ 68. Kd8 Qb8+ 69. Qc8 Qxb3 70. Qc7+
Kf8 71. Qe7+ Kg8 72. Qg5+ Kf8 73. Qf5+ Qf7 74. Qc5+ Kg8 75. Qxa5 Qf8+ 76. Kc7
Qe7+ 77. Kc6 Qe6+ 78. Kc7 Qe7+ 79. Kc8 Qe6+ 80. Kb8 Qe8+ 81. Kb7 Qd7+ 82. Kb6
Qd8+ 83. Kb5 Qd5+ 84. Kb6 Qd8+ 85. Kb5 Qd5+ 1/2-1/2